书目信息 |
| 题名: |
全国英语等级考试全真模拟试题
|
|
| 作者: | 于淑娜 , 原说娥 , 高谦 主编 | |
| 分册: | 第一级 | |
| 出版信息: | 北京 中国电力出版社 2006.07 |
|
| 页数: | 62页 | |
| 开本: | 26cm | |
| 丛书名: | 无忧英语考试系列 | |
| 单 册: | ||
| 中图分类: | H319.6 | |
| 科图分类: | ||
| 主题词: | 英语--ying yu--水平考试--习题 | |
| 电子资源: | ||
| ISBN: | 7-5083-3510-4 | |
| 000 | 01058nam 2200265 450 | |
| 001 | 012006418119 | |
| 005 | 20061130163156.56 | |
| 010 | @a7-5083-3510-4@dCNY14.80 | |
| 100 | @a20061112d2006 km y0chiy0120 ea | |
| 101 | 0 | @achi@aeng |
| 102 | @aCN@b110000 | |
| 105 | @ay q 000yy | |
| 200 | 1 | @a全国英语等级考试全真模拟试题@Aquan guo ying yu deng ji kao shi quan zhen mo ni shi ti@i第一级@f高谦, 于淑娜, 原说娥主编@Fgao qian,yu shu na,yuan shuo e zhu bian |
| 210 | @a北京@c中国电力出版社@d2006.07 | |
| 215 | @a62页@d26cm | |
| 225 | 2 | @a无忧英语考试系列@Awu you ying yu kao shi xi lie |
| 330 | @a本书根据最新全国英语等级考试大纲和题型结合近年试题精心编写而成。全书共收集11套试题、8套模拟试题,2套专家预测试题和1套真题,每套试题均由英语教学专爱和语言测试专家作了详细讲解。 | |
| 410 | 0 | @12001 @a无忧英语考试系列 |
| 606 | 0 | @a英语@Aying yu@x水平考试@j习题 |
| 690 | @aH319.6@v4 | |
| 701 | 0 | @a于淑娜@Ayu shu na@4主编 |
| 701 | 0 | @a原说娥@Ayuan shuo e@4主编 |
| 701 | 0 | @a高谦@Agao qian@4主编 |
| 801 | 0 | @aCN@c20061130 |
| 905 | @a10447@dH319.6@eG165 | |
| 全国英语等级考试全真模拟试题.第一级/高谦, 于淑娜, 原说娥主编.-北京:中国电力出版社,2006.07 |
| 62页;26cm.-(无忧英语考试系列) |
| ISBN 7-5083-3510-4:CNY14.80 |
| 本书根据最新全国英语等级考试大纲和题型结合近年试题精心编写而成。全书共收集11套试题、8套模拟试题,2套专家预测试题和1套真题,每套试题均由英语教学专爱和语言测试专家作了详细讲解。 |
| ● |
| 相关链接 |
|
|
|
正题名:全国英语等级考试全真模拟试题
索取号:H319.6/G165
 
预约/预借
| 序号 | 登录号 | 条形码 | 馆藏地/架位号 | 状态 | 备注 |
| 1 | 227638 | 202276385 | 语言库209/209语言库 57排2列1层/ [索取号:H319.6/G165] | 在馆 | |
| 2 | 227639 | 202276394 | 语言库209/209语言库 57排2列1层/ [索取号:H319.6/G165] | 在馆 | |
| 3 | 227640 | 202276401 | 语言库209/209语言库 57排2列1层/ [索取号:H319.6/G165] | 在馆 |